MDQL
is popping MORE tags! Check the
thread
!
Quizzes
Events
Quiz Creation
Community
Videos
Private Events
Remove Ads
Sign In
Join for FREE
Feedback
Dark Mode
Quiz Categories
Sports
Geography
Music
Movies
Television
Just For Fun
Miscellaneous
History
Literature
Language
Science
Gaming
Entertainment
Religion
Holiday
For Kids
Quiz Lab
Recent
Popular Today
Quiz Kudos Today
Editor Picks
Curator Picks
Quizzes by...
Day
Popularity
Type
Ratings
Length
Year
Community
Subscriptions
Recent Discussions
Orange Saloon
Badges
Playlists
Quests
Create
Leaderboards
Showdown
Live 5
Trivia Bingo
Activity
Puzzle Library
Sporcle Events
Private Events
Virtual Trivia
Globe League
Become a Host
Pub Owners
SporcleCon
Opinionation
Our Games
Videos
Blog
Mobile Apps
Partnerships
Remove Ads and Go Orange
Feedback
Music
Pop Music
The Beatles
Song
Album
Lyrics
Bands
Singers
Artist
Clip
Rock
Rap
Classical
Billboard
Country Music
Kpop
Taylor Swift
Music
Pop Music
The Beatles
Song
Album
Lyrics
Bands
Singers
Artist
Clip
Rock
Rap
Classical
Billboard
Country Music
Kpop
Taylor Swift
Random Quiz
Search Sporcle
×
Curator Pick
Curator Pick
Music
Clickable
Select answers by clicking on text or image buttons
Select answers by clicking on text or image buttons
Clickable
Best Score? Go Orange.
Clicky-oke: Everlong by the Foo Fighters Stats
Can you put the song Everlong by the Foo Fighters in the right order?
By
scole9179
5m
32 Questions
1,778 Plays
1,778 Plays
1,778 Plays
Comments
Comments
Give Quiz Kudos
Give Quiz Kudos
-
- Ratings
hide this ad
Forced Order
Answers have to be entered in order
Answers have to be entered in order
Replay
Link that replays current quiz
Next Quiz
Link to next quiz in quiz playlist
You Got
0%
They Got
Avg Score
74%
Avg Friend Score
Upgrade to see
Score Distribution
Jump to the score distribution portion of the page
Score
0/32
Timer
05:00
0
Plays Today
% Correct
here for you, Everlong.
97.1%
myself into
94.8%
with me
88.6%
with me
88.4%
sang
86.5%
breathe you in Hold you
85.4%
sang
84.6%
to stop when I say when
84.5%
be this good again
83.5%
ask of you
83.4%
to stop when I say when
83.3%
ask of you
82.9%
when I say when
82.9%
wanted it to be
82.8%
be this good again
82.1%
sang
81.6%
% Correct
be this good again
80.5%
she sang
79.5%
in
79.1%
feel this real forever
79%
wonder...
78.9%
sing along with you
78.8%
of the red
78.5%
ask of you
78.3%
sing along with you
77.9%
she sang
76.7%
you've always been
76.4%
I sang
75.8%
feel this real forever
74.7%
feel this real forever
73.7%
my head,
71.1%
your head,
71%
Quiz Playlist
Details
Report
Send in Message
Add To Playlist
Clickable:
Select answers by clicking on text or image buttons
Forced Order:
Answers have to be entered in order
Quiz Source
Last Updated: Mar 29, 2018
Curator Pick in
Lyrics
Quiz Scoreboard
CHALLENGE
Sign Up to Join the Scoreboard
Show All
Scores
Hide
Comments
May contain spoilers
Recently Published
5x2 Blitz: Bands
by SL_Kpop136
Music
30s
Colored Red Africa Blitz
by spor1
Geography
30s
Find the 'City' Movie
by crazypaving
Movies
60s
More to Explore
Quiz From the Vault
Featured Blog Post
14 Easter Pick-up Lines to Find Eggs With
hide this ad
You Might Also Like...
Tags
Clickable Quiz
Lyrics Quiz
Rock Quiz
Song Quiz
1990s
Alternative Music
Clicky-oke
Dave Grohl
Foo Fighters
Missing Lyrics
Rock n Roll
Today's Top Quizzes in Music
Browse Music
hide this ad
Today's Top Quizzes in Clickable
Browse Clickable
Top Contributed Quizzes in Music
1
5X2 Blitz: Bands II
2
5X2 Blitz: The Beatles
3
Taylor Swift All Songs (2024)
4
5X2 Blitz: Billboard
5
Taylor Swift Logic Puzzle II
6
5X2 Blitz: Billboard II
7
5X2 Blitz: Singers
8
5X2 Blitz: Album
9
5X2 Blitz: Rock
10
5X2 Blitz: Lyrics
Explore More
Trending Topics
NBA
Anime
Kpop
Harry Potter
Crossword
Marvel
Disney
Song
The Office
NFL
Country
WWE
Soccer
Pokémon
Puzzle
hide this ad
More By:
scole9179
Quiz
Plays
Rating
Category
Featured
Created
Identify the Midwestern States
268,737
4.39
Geography
Dec 9, 2015
Map of the USA in 1860
246,149
4.73
History
Nov 29, 2015
Identify the Western States
198,850
4.52
Geography
Dec 9, 2015
Identify the Southern States
172,506
4.28
Geography
Dec 9, 2015
Egyptian God or Pokémon?
122,362
4.47
Just For Fun
Feb 2, 2016
Go to Creator's Profile
Score Distribution
Quiz Creator Spotlight
scole9179
Follow
Send a Message
Quizzes Created
-
Created Quiz Play Count
-
More By This Creator
Popular Quizzes Today
1
Colored Red Africa Blitz
2
Find the US States - No Outlines Minefield
3
Find the 'City' Movie
4
5x2 Blitz: Bands
5
The Countries of the World
6
Find the US States
7
US States
8
Find the Countries of Europe - No Outlines Minefield
More Music Quizzes
First Ten Words Blitz: Like a Prayer
Curator's Pick
Trending Quizzes
Colored Red Europe Blitz I
Colored Red Europe Blitz II
Colored Red Africa Blitz II
Colored Red Europe Blitz III
Colored Red Africa Blitz III
Recently Updated
How Do You Spell That?
pecheneg
Godzilla Movies
pecheneg
Grab Bag: 4-10 Letters
pecheneg
2024 March Madness Bracket
pecheneg
Famous TV Couples
Peacemaker
Champions League XIs: Real Madrid
pecheneg
Largest US Cities 1790-2010
pecheneg
Rides in Walt Disney World
pecheneg
Most Oscar Losses (Acting)
pecheneg
Beyoncé Albums
pecheneg
Trending Topics
NBA
Anime
Kpop
Disney
Crossword
Marvel
Harry Potter
Song
Soccer
Puzzle
The Office
Pokémon
NFL
WWE
Country
Your Account Isn't Verified!
In order to create a playlist on Sporcle, you need to verify the email address you used during registration. Go to your
Sporcle Settings
to finish the process.
Report this User
Report this user for behavior that violates our
Community Guidelines
.
Details:
Send Report
Go to the Sporcle.com Mobile Site →
Comments